Odpowiedzi kończące się na R - Statystyki

Ogólne statystyki
  • Ten quiz został rozwiązany 133 razy
  • Średni wynik to 10 z 15
Statystyki odpowiedzi
Pytanie Odpowiedź % Poprawnych
Jadą po nim pociągi Tor
96%
Pojazd na polu Traktor
96%
Zwierzę występujące w Puszczy Białowieskiej Żubr
96%
Potwór którym jest Shrek Ogr
94%
Syn Dedala Ikar
91%
Państwo wyspiarskie leżące blisko Turcji Cypr
85%
Dawny pałac królewski w Paryżu, obecnie jest muzeum Luwr
85%
Rywal Batmana Joker
70%
Dzikie bydło wymarłe w XII wieku Tur
65%
Jeden z drużyny Awengersów Thor
60%
rodzaj konstrukcji budowlanej, wykonanej z elementów ułożonych w uporządkowany sposób, zazwyczaj połączonych zaprawą budowlaną Mur
59%
Państwo którego stolicą jest Quito Ekwador
48%
Wyspa należąca do Tanzanii Zanzibar
38%
Skała metamorficzna powstała z przeobrażenia wapieni, rzadziej dolomitów Marmur
24%
Rodzaj roślin należących do rodziny rdestowatych Rabarbar
11%
Nie znaleziono quizów pasujących do podanych kryteriów
Rozkład punktacji
Procent ludzi z każdym wynikiem
Percentyl według liczby udzielonych odpowiedzi
Twoja historia wyników
Nie rozwiązałeś tego quizu